[Event "XXII Festival A"]
[Site "Arco ITA"]
[Date "2000.10.21"]
[Round "1"]
[White "Antoniacci, Riccardo"]
[Black "Drei, Andrea"]
[Result "1-0"]
[WhiteElo "2065"]
[BlackElo "2350"]
[PlyCount "67"]
[EventDate "2000.10.21"]

1. e4 c5 2. Nf3 Nc6 3. d4 cxd4 4. Nxd4 e6 5. Nb5 d6 6. Bf4 e5 7. Be3 Nf6 8. Bg5
Be6 9. c4 a6 10. N5c3 Rc8 11. Nd5 Bxd5 12. cxd5 Nd4 13. Nc3 Qa5 14. Bd3 Be7 15.
O-O O-O 16. Ne2 Nxe2+ 17. Qxe2 Nxd5 18. Bd2 Qb6 19. exd5 f5 20. Bc3 e4 21. Rac1
Qc5 22. Bc2 b5 23. a3 Qxd5 24. f3 Qc5+ 25. Qf2 Qc4 26. fxe4 d5 27. Qg3 Bc5+ 28.
Kh1 d4 29. Bd3 Qb3 30. Bd2 Qxb2 31. Bh6 Rf7 32. Rxf5 Rcc7 33. Rcf1 Bf8 34. Qxc7
1-0

[Event "XXII Festival A"]
[Site "Arco ITA"]
[Date "2000.10.21"]
[Round "1"]
[White "Barucco, Mattia"]
[Black "Valenti, Giuseppe"]
[Result "1-0"]
[WhiteElo "1912"]
[BlackElo "2190"]
[PlyCount "121"]
[EventDate "2000.10.21"]

1. e4 c5 2. Nf3 e6 3. d4 cxd4 4. Nxd4 a6 5. c4 Nf6 6. Nd2 Qc7 7. Be2 Bd6 8. g3
Bb4 9. Qc2 Qe5 10. N4f3 Qxe4 11. Qxe4 Nxe4 12. O-O Nf6 13. a3 Be7 14. b4 d6 15.
Nd4 Nbd7 16. f4 O-O 17. Bf3 g6 18. Bb2 Nb6 19. N4b3 Rb8 20. Na5 Nfd7 21. Ne4 d5
22. cxd5 exd5 23. Nf2 Bf6 24. Bxf6 Nxf6 25. Rac1 Re8 26. Rfd1 Re7 27. Nd3 Bf5
28. Ne5 Be4 29. Be2 Ne8 30. Bxa6 Rxe5 31. fxe5 bxa6 32. Rc6 d4 33. Rcc1 d3 34.
Nc6 Rb7 35. e6 fxe6 36. Ne5 Nf6 37. Nxd3 Bd5 38. Nc5 Ra7 39. Rf1 Ng4 40. Rce1
Re7 41. Rf4 h5 42. Nxa6 e5 43. Nc5 Ra7 44. Rff1 Rxa3 45. Ra1 Re3 46. Rfe1 Rf3
47. Rf1 e4 48. Rxf3 exf3 49. Nd3 Nc4 50. h3 Nf6 51. Nf4 Be4 52. Ra6 Kf7 53. Ne6
Bd5 54. Ng5+ Ke7 55. b5 Nd6 56. b6 Bb7 57. Ra7 Nd7 58. Kf2 Ne5 59. Ra3 Kf6 60.
h4 Ng4+ 61. Kg1 $139 1-0

[Event "XXII Festival A"]
[Site "Arco ITA"]
[Date "2000.10.21"]
[Round "1"]
[White "Dalponte, Dino"]
[Black "Gofshtein, Leonid D."]
[Result "0-1"]
[WhiteElo "2142"]
[BlackElo "2561"]
[PlyCount "44"]
[EventDate "2000.10.21"]

1. d4 Nf6 2. c3 d6 3. Nf3 Nbd7 4. Bf4 Nh5 5. e3 Nxf4 6. exf4 g6 7. Bc4 Nb6 8.
Bb3 Bg7 9. Nbd2 c5 10. dxc5 dxc5 11. O-O O-O 12. Qe2 Qc7 13. Rfe1 e6 14. g3 Nd5
15. Bc2 Rb8 16. Nc4 b5 17. Ne3 b4 18. Nxd5 exd5 19. Qd2 bxc3 20. bxc3 Bb7 21.
Re3 d4 22. cxd4 cxd4 0-1

[Event "XXII Festival A"]
[Site "Arco ITA"]
[Date "2000.10.21"]
[Round "1"]
[White "Di Lao, Riccardo"]
[Black "Bagaturov, Giorgi"]
[Result "0-1"]
[WhiteElo "2138"]
[BlackElo "2502"]
[PlyCount "106"]
[EventDate "2000.10.21"]

1. d4 Nf6 2. c4 g6 3. Nc3 Bg7 4. e4 d6 5. f3 O-O 6. Be3 b6 7. Bd3 a6 8. Nge2 c5
9. d5 e6 10. O-O exd5 11. exd5 Re8 12. Qd2 Nbd7 13. Rae1 Ne5 14. Ng3 b5 15. b3
Qa5 16. Be2 Bd7 17. h3 Nh5 18. Nce4 Qxd2 19. Bxd2 Nxg3 20. Nxg3 f5 21. Ba5 h5
22. f4 Nf7 23. Bd3 h4 24. Ne2 b4 25. Nc1 Bh6 26. Rxe8+ Rxe8 27. a3 bxa3 28. b4
Re3 29. bxc5 dxc5 30. Bb1 Nd6 31. Bd2 Re8 32. Bd3 Ne4 33. Be3 Ng3 34. Rf3 Bg7
35. Bf2 Bd4 36. Bxd4 cxd4 37. Kf2 Nh1+ 38. Kf1 Ng3+ 39. Kf2 Rb8 40. c5 Rb2+ 41.
Ke1 a2 42. Nxa2 Rxa2 43. c6 Be8 44. Bc4 Ra1+ 45. Kd2 Ne4+ 46. Kc2 Nd6 47. Bb3
Re1 48. Kb2 Re2+ 49. Ka3 Rxg2 50. Rd3 Rg3 51. Rd1 Rxh3 52. Kb4 a5+ 53. Ka4 Re3
0-1

[Event "XXII Festival A"]
[Site "Arco ITA"]
[Date "2000.10.21"]
[Round "1"]
[White "Di Lazzaro, Gabriele"]
[Black "Pernigotti, Carlo"]
[Result "1-0"]
[WhiteElo "1959"]
[BlackElo "2199"]
[PlyCount "87"]
[EventDate "2000.10.21"]

1. Nf3 f5 2. g3 Nf6 3. Bg2 g6 4. d3 Bg7 5. O-O O-O 6. e4 d6 7. exf5 gxf5 8. c3
e5 9. Bg5 c6 10. Qb3+ Kh8 11. Nbd2 Na6 12. Qc2 Be6 13. Rfe1 Qe8 14. d4 e4 15.
Nh4 Qh5 16. Bf4 Rad8 17. Qd1 Qf7 18. f3 d5 19. Be5 Ne8 20. f4 Bxe5 21. dxe5 Nc5
22. Bf1 d4 23. cxd4 Rxd4 24. Qc2 Nd3 25. Re3 Qd7 26. Nb3 Nc7 27. Bxd3 Rxd3 28.
Rxd3 exd3 29. Qc5 Rd8 30. Rd1 Qd5 31. Qe7 Ne8 32. Qc5 Qxc5+ 33. Nxc5 Bc4 34. b3
Ba6 35. Nxf5 Nc7 36. Nxa6 Nxa6 37. e6 Nc5 38. e7 Re8 39. b4 Ne4 40. Rxd3 Nf6
41. Kf2 Kg8 42. Rd8 Kf7 43. Rxe8 Nxe8 44. Kf3 1-0

[Event "XXII Festival A"]
[Site "Arco ITA"]
[Date "2000.10.21"]
[Round "1"]
[White "Diotallevi, Maurizio"]
[Black "Krivoshey, Sergei"]
[Result "0-1"]
[WhiteElo "2090"]
[BlackElo "2473"]
[PlyCount "66"]
[EventDate "2000.10.21"]

1. d4 Nf6 2. c4 c5 3. d5 b5 4. cxb5 a6 5. bxa6 g6 6. Nc3 Bxa6 7. g3 d6 8. e4
Bxf1 9. Kxf1 Bg7 10. Kg2 O-O 11. Nf3 Nbd7 12. h3 Ra6 13. Re1 Qa8 14. Qd3 Rb8
15. Re2 Nb6 16. Bf4 Na4 17. Nxa4 Rxa4 18. a3 c4 19. Qc2 Nd7 20. Rb1 Nc5 21. Bd2
Qa6 22. Bc3 Bxc3 23. Qxc3 Rb3 24. Qc2 c3 25. Re3 Rxb2 26. Rxb2 cxb2 27. Qxb2
Rxe4 28. Rxe4 Nxe4 29. Nd4 Qd3 30. Nc6 Nd2 31. Nxe7+ Kf8 32. Qb8+ Kg7 33. Qa7
Qf1+ 0-1

[Event "XXII Festival A"]
[Site "Arco ITA"]
[Date "2000.10.21"]
[Round "1"]
[White "Dittmar, Peter"]
[Black "Coratella, Giuseppe"]
[Result "1-0"]
[WhiteElo "2364"]
[BlackElo "2077"]
[PlyCount "81"]
[EventDate "2000.10.21"]

1. c4 g6 2. Nc3 Bg7 3. g3 d6 4. Bg2 e5 5. e4 Ne7 6. Nge2 O-O 7. d4 exd4 8. Nxd4
Nbc6 9. Be3 Ne5 10. b3 c5 11. Nde2 Bg4 12. Rc1 Nf3+ 13. Kf1 f5 14. h3 Bh5 15.
exf5 gxf5 16. Nd5 Ng6 17. Qc2 Nge5 18. Nef4 Bf7 19. Qd1 Ng5 20. Kg1 Rb8 21. Nh5
Bxh5 22. Qxh5 Ne6 23. Kh2 b5 24. cxb5 Rxb5 25. Rhd1 Nc6 26. Nc3 Rb6 27. Na4 Ra6
28. Nxc5 Nxc5 29. Bxc5 dxc5 30. Rxd8 Rxd8 31. Rxc5 Nd4 32. Rc7 Rf8 33. Rd7 Kh8
34. Qd1 Ne6 35. Qe2 Rb6 36. Rxa7 f4 37. Qg4 Bd4 38. Be4 fxg3+ 39. Kxg3 Be5+ 40.
Kg2 Ng7 41. Qh4 1-0

[Event "XXII Festival A"]
[Site "Arco ITA"]
[Date "2000.10.21"]
[Round "1"]
[White "Djuric, Stefan"]
[Black "Carli, Carlo"]
[Result "1-0"]
[WhiteElo "2461"]
[BlackElo "2117"]
[PlyCount "55"]
[EventDate "2000.10.21"]

1. e4 c5 2. Nf3 e6 3. g3 Nc6 4. Bg2 g6 5. d4 cxd4 6. Nxd4 a6 7. O-O Bg7 8. Nb3
Nge7 9. Nc3 d6 10. a4 b6 11. Bf4 Ne5 12. Qe2 Qc7 13. Rad1 O-O 14. Bg5 Re8 15.
Nd2 f6 16. Be3 h5 17. h3 Bb7 18. f4 Nf7 19. Nc4 Nc8 20. f5 exf5 21. exf5 d5 22.
Nxd5 Qxg3 23. Rf3 Qh4 24. fxg6 Bxd5 25. Rxd5 Ne5 26. Rf4 Qg5 27. Nxe5 Rxe5 28.
Rxe5 1-0

[Event "XXII Festival A"]
[Site "Arco ITA"]
[Date "2000.10.21"]
[Round "1"]
[White "Doppelhammer, Herbert"]
[Black "Konopka, Michal"]
[Result "0-1"]
[WhiteElo "2119"]
[BlackElo "2476"]
[PlyCount "44"]
[EventDate "2000.10.21"]

1. d4 Nf6 2. Nf3 g6 3. Bf4 Bg7 4. e3 O-O 5. h3 d6 6. Be2 Nc6 7. O-O Nd7 8. c4
e5 9. Bh2 exd4 10. exd4 Qf6 11. Nc3 Nxd4 12. Nxd4 Qxd4 13. Nd5 c6 14. Qxd4 Bxd4
15. Nc7 Rb8 16. Bxd6 Bxb2 17. Rad1 Be5 18. f4 Bxd6 19. Rxd6 Nc5 20. Rfd1 Bf5
21. g4 Bc2 22. Rc1 Be4 0-1

[Event "XXII Festival A"]
[Site "Arco ITA"]
[Date "2000.10.21"]
[Round "1"]
[White "Kleibaumhueter, Klaus"]
[Black "Sprea, Giuseppe"]
[Result "1/2-1/2"]
[WhiteElo "2187"]
[BlackElo "1930"]
[PlyCount "45"]
[EventDate "2000.10.21"]

1. Nf3 d5 2. d4 Nf6 3. c4 c6 4. Qb3 e6 5. g3 Nbd7 6. Bg2 Ne4 7. O-O Be7 8. Nc3
f5 9. Bf4 O-O 10. Nxe4 fxe4 11. Ne5 Nf6 12. f3 exf3 13. Bxf3 Qb6 14. c5 Qxb3
15. axb3 Bd7 16. Bg5 Be8 17. Bg4 Nxg4 18. Bxe7 Rxf1+ 19. Rxf1 Bh5 20. Nxg4 Bxg4
21. e3 Bf5 22. b4 h5 23. Bd6 1/2-1/2

[Event "XXII Festival A"]
[Site "Arco ITA"]
[Date "2000.10.21"]
[Round "1"]
[White "Kloster, Josef"]
[Black "Drasko, Milan"]
[Result "0-1"]
[WhiteElo "2135"]
[BlackElo "2495"]
[PlyCount "94"]
[EventDate "2000.10.21"]

1. e4 e6 2. d4 d5 3. exd5 exd5 4. Nf3 Nf6 5. c4 Be7 6. Nc3 O-O 7. cxd5 Nbd7 8.
Bd3 Nb6 9. Qc2 h6 10. O-O Nbxd5 11. Nxd5 Nxd5 12. a3 c6 13. Bd2 Bf6 14. Rfe1
Be6 15. Ne5 Bg5 16. Rad1 Bxd2 17. Qxd2 Qg5 18. Qxg5 hxg5 19. h3 Rfe8 20. Nc4
Rad8 21. Ne3 Kf8 22. Be4 Nf4 23. Bf5 Bxf5 24. Nxf5 Rxe1+ 25. Rxe1 g6 26. Ne3
Rxd4 27. g3 Ne6 28. Kf1 Rd3 29. Rc1 Ke7 30. Rc4 Rb3 31. Nd1 Kd6 32. Ke2 b5 33.
Rc3 Rxc3 34. Nxc3 f5 35. Ke3 Ke5 36. Ne2 c5 37. b3 c4 38. f4+ gxf4+ 39. gxf4+
Kd5 40. Nc3+ Kc5 41. b4+ Kc6 42. h4 a6 43. Ne2 Kd5 44. Nc3+ Kd6 45. Ne2 Nc7 46.
Nd4 Nd5+ 47. Kf3 Nf6 0-1

[Event "XXII Festival A"]
[Site "Arco ITA"]
[Date "2000.10.21"]
[Round "1"]
[White "Lettich, Sergio"]
[Black "Piankov, Evgenij"]
[Result "0-1"]
[WhiteElo "2078"]
[BlackElo "2365"]
[PlyCount "66"]
[EventDate "2000.10.21"]

1. d4 d5 2. c4 e6 3. Nc3 c6 4. e3 f5 5. Nf3 Bd6 6. Bd3 Nf6 7. O-O O-O 8. Ne2
Ne4 9. Ne5 Nd7 10. f4 Ndf6 11. Qe1 Bd7 12. Ng3 Be8 13. Nxe4 Nxe4 14. Bxe4 dxe4
15. Bd2 c5 16. Bc3 Bxe5 17. fxe5 cxd4 18. exd4 b5 19. Qe3 bxc4 20. Bb4 Rf7 21.
Bd6 Bc6 22. Rf2 Bd5 23. Raf1 Qh4 24. g3 Qh5 25. h4 h6 26. Rh2 Kh7 27. Qf4 Rb7
28. Qe3 Rg8 29. Ba3 g6 30. Rhf2 g5 31. hxg5 Qxg5 32. Qxg5 Rxg5 33. Kh2 Rbg7 0-1

[Event "XXII Festival A"]
[Site "Arco ITA"]
[Date "2000.10.21"]
[Round "1"]
[White "Luciani, Carlo"]
[Black "Bondielli, Giorgio"]
[Result "1-0"]
[WhiteElo "2225"]
[BlackElo "1813"]
[PlyCount "31"]
[EventDate "2000.10.21"]

1. e4 e5 2. Nf3 Nf6 3. Nc3 Bb4 4. Nxe5 O-O 5. Nd3 Bxc3 6. dxc3 Nxe4 7. Nf4 Nc6
8. Be2 d6 9. O-O Bf5 10. a4 Qd7 11. Ra3 Rfe8 12. c4 Ne5 13. Nd5 c6 14. Ne3 Rad8
15. f4 Nxc4 16. Bxc4 1-0

[Event "XXII Festival A"]
[Site "Arco ITA"]
[Date "2000.10.21"]
[Round "1"]
[White "Mietzner, Tina"]
[Black "Lazarev, Vladimir"]
[Result "0-1"]
[WhiteElo "2134"]
[BlackElo "2501"]
[PlyCount "82"]
[EventDate "2000.10.21"]

1. e4 c5 2. Nf3 Nc6 3. d4 cxd4 4. Nxd4 Qc7 5. Nc3 e6 6. g3 a6 7. Bg2 Nf6 8. O-O
Bc5 9. Be3 Ne5 10. Bf4 d6 11. Nb3 Ba7 12. Bxe5 dxe5 13. Qd3 b5 14. Rad1 b4 15.
Ne2 a5 16. Qd6 Qxd6 17. Rxd6 Ke7 18. Rd2 Bb7 19. Nxa5 Bxf2+ 20. Kxf2 Rxa5 21.
c3 Rxa2 22. cxb4 Rd8 23. Rxd8 Kxd8 24. Rd1+ Ke8 25. Rd2 Ra4 26. Nc3 Rxb4 27.
Re2 Ba6 28. Rd2 Ng4+ 29. Kg1 Ne3 30. Rf2 Bb7 31. Bf3 Nc4 32. Nd1 Nd6 33. Nc3
Nxe4 34. Bxe4 Bxe4 35. Nxe4 Rxe4 36. Kf1 h5 37. b3 h4 38. Rb2 hxg3 39. hxg3 Rb4
40. Ke2 f5 41. Kd3 Rg4 0-1

[Event "XXII Festival A"]
[Site "Arco ITA"]
[Date "2000.10.21"]
[Round "1"]
[White "Pegoraro, Nicola"]
[Black "Dickhoff, Ronald"]
[Result "0-1"]
[WhiteElo "2062"]
[BlackElo "2273"]
[PlyCount "94"]
[EventDate "2000.10.21"]

1. e4 e6 2. d4 d5 3. e5 c5 4. c3 Nc6 5. Be3 Qb6 6. Qd2 Bd7 7. Nf3 Rc8 8. dxc5
Bxc5 9. Bxc5 Qxc5 10. Bd3 f6 11. Qe2 fxe5 12. Nxe5 Nxe5 13. Qxe5 Nf6 14. O-O
Qb6 15. b3 Qc7 16. Qxc7 Rxc7 17. c4 dxc4 18. bxc4 Bc6 19. Nc3 Kf7 20. Rad1 Rd7
21. f3 Rhd8 22. Bc2 b6 23. Rfe1 Rxd1 24. Rxd1 Rxd1+ 25. Bxd1 Ke7 26. Kf2 Kd6
27. Nb5+ Bxb5 28. cxb5 e5 29. Bc2 Kc5 30. g4 h6 31. Bb3 Kxb5 32. Ke3 Kc5 33.
Be6 g5 34. Kd3 a5 35. Bf7 b5 36. Be6 b4 37. Bb3 e4+ 38. fxe4 Nxg4 39. Ke2 Kd4
40. h3 Nf6 41. Kf3 Nxe4 42. Kg4 Nf2+ 43. Kg3 Ke3 44. Ba4 Ne4+ 45. Kg4 Nc3 46.
Bb3 a4 47. Bf7 Nxa2 0-1

[Event "XXII Festival A"]
[Site "Arco ITA"]
[Date "2000.10.21"]
[Round "1"]
[White "Pienabarca, Nicola"]
[Black "Patelli, Alessandro"]
[Result "0-1"]
[WhiteElo "2030"]
[BlackElo "2244"]
[PlyCount "104"]
[EventDate "2000.10.21"]

1. d4 Nf6 2. c4 e6 3. Nc3 Bb4 4. Qc2 d5 5. cxd5 Qxd5 6. e3 e5 7. Bd2 Bxc3 8.
bxc3 exd4 9. cxd4 O-O 10. Nf3 Nc6 11. Bc4 Qh5 12. O-O Re8 13. Qb3 Ne4 14. Qb5
Bg4 15. Qxh5 Bxh5 16. Bc1 Nd6 17. Bd3 Nb4 18. Bb1 f6 19. Ba3 a5 20. Bxb4 axb4
21. Bd3 Ra3 22. Rfd1 Rea8 23. Rab1 Rxd3 24. Rxd3 Bg6 25. Ne1 Rxa2 26. f3 Bxd3
27. Nxd3 Ra3 28. Nxb4 Rxe3 29. Nd5 Rd3 30. Nxc7 Rxd4 31. Ne6 Rc4 32. Rb6 Rc6
33. Rxc6 bxc6 34. Kf2 Nb7 35. Ke3 Kf7 36. Nf4 Nc5 37. Ne2 Ne6 38. Kd3 f5 39.
Nc3 Nf4+ 40. Kd4 Nxg2 41. Kc5 Ne1 42. f4 Kg6 43. Kxc6 Nf3 44. Kd6 Nxh2 45. Ke6
Nf1 46. Nd5 Ng3 47. Ne3 Kh5 48. Ke5 g6 49. Kf6 Ne2 50. Ke5 Kh4 51. Nd5 Kg3 52.
Nf6 h5 0-1

[Event "XXII Festival A"]
[Site "Arco ITA"]
[Date "2000.10.21"]
[Round "1"]
[White "Roos, Michael"]
[Black "Ragonese, Lucio Rosario"]
[Result "1-0"]
[WhiteElo "2244"]
[BlackElo "1956"]
[PlyCount "85"]
[EventDate "2000.10.21"]

1. d4 f5 2. g3 Nf6 3. Bg2 g6 4. c3 Bg7 5. Qb3 c6 6. Nd2 d5 7. Nh3 Qb6 8. Qc2
O-O 9. O-O Ng4 10. Nf3 e5 11. dxe5 Nxe5 12. Nxe5 Bxe5 13. c4 Qc5 14. Bf4 Bxf4
15. Nxf4 Qxc4 16. Qxc4 dxc4 17. Rfc1 g5 18. Nh3 h6 19. Rxc4 Re8 20. Kf1 Be6 21.
Rb4 Re7 22. f4 g4 23. Nf2 Na6 24. Rd4 Nc7 25. e4 Nb5 26. Rd2 c5 27. Rc1 Rc8 28.
exf5 Bxf5 29. Rd5 Bd7 30. Rcxc5 Rxc5 31. Rxc5 Nd4 32. Ne4 Bf5 33. Nc3 Bd3+ 34.
Kf2 Ne2 35. Re5 Rxe5 36. fxe5 Nxc3 37. bxc3 Bc4 38. a3 b6 39. Ke3 Kf7 40. Kf4
h5 41. Be4 Kg7 42. Kg5 Bf7 43. Bc6 1-0

[Event "XXII Festival A"]
[Site "Arco ITA"]
[Date "2000.10.21"]
[Round "1"]
[White "Rotstein, Arkadij"]
[Black "Crippa, Gabriele"]
[Result "1-0"]
[WhiteElo "2492"]
[BlackElo "2136"]
[PlyCount "55"]
[EventDate "2000.10.21"]

1. d4 Nf6 2. c4 c5 3. Nf3 cxd4 4. Nxd4 e5 5. Nb5 d5 6. cxd5 Bc5 7. N5c3 O-O 8.
h3 Bf5 9. e3 e4 10. g4 Bg6 11. Bg2 Qe7 12. a3 Rd8 13. g5 Nh5 14. h4 f5 15. gxf6
Nxf6 16. h5 Bf7 17. Qc2 Nbd7 18. Nd2 Rac8 19. Ndxe4 Nxd5 20. Bd2 Ne5 21. Nxd5
Bxd5 22. Bc3 Bc6 23. Rd1 Rxd1+ 24. Qxd1 Rd8 25. Qb3+ Kh8 26. h6 Bd5 27. Qc2 Rg8
28. Rh5 1-0

[Event "XXII Festival A"]
[Site "Arco ITA"]
[Date "2000.10.21"]
[Round "1"]
[White "Schaefer, Michael"]
[Black "Denes, Roberto"]
[Result "1-0"]
[WhiteElo "2221"]
[BlackElo "1498"]
[PlyCount "69"]
[EventDate "2000.10.21"]

1. d4 d5 2. c4 e6 3. Nc3 h6 4. Nf3 Nf6 5. g3 Bb4 6. Bg2 O-O 7. O-O Bxc3 8. bxc3
dxc4 9. Ne5 c6 10. Nxc4 Nd5 11. Qb3 Nd7 12. Ba3 Ne7 13. Rad1 Nf6 14. e4 Qd7 15.
Qb4 Ng6 16. Ne5 Qd8 17. Nxg6 fxg6 18. Qxf8+ Qxf8 19. Bxf8 Kxf8 20. c4 Bd7 21.
e5 Ne8 22. d5 cxd5 23. cxd5 exd5 24. Bxd5 Rb8 25. Rb1 b6 26. Rfc1 Ke7 27. Rb3
Rc8 28. Rxc8 Bxc8 29. f4 Nc7 30. Rc3 Kd8 31. Bb3 Bd7 32. Rd3 Ke7 33. Rd6 Be6
34. Rc6 Kd7 35. Rxc7+ 1-0

[Event "XXII Festival A"]
[Site "Arco ITA"]
[Date "2000.10.21"]
[Round "1"]
[White "Schiappacasse, Marcello"]
[Black "Haldemann, Paul"]
[Result "0-1"]
[WhiteElo "2021"]
[BlackElo "2231"]
[PlyCount "34"]
[EventDate "2000.10.21"]

1. d4 Nf6 2. Nf3 e6 3. g3 b6 4. Bg2 Bb7 5. O-O c5 6. c3 Be7 7. Nbd2 O-O 8. Re1
d5 9. e4 dxe4 10. Ng5 cxd4 11. Ndxe4 Nc6 12. cxd4 h6 13. Nh3 Qd7 14. Be3 Rfd8
15. Nf4 Na5 16. Nh5 Nxe4 17. Qg4 Ng5 0-1

[Event "XXII Festival A"]
[Site "Arco ITA"]
[Date "2000.10.21"]
[Round "1"]
[White "Slobodjan, Roman"]
[Black "Tocco, Paolo"]
[Result "1-0"]
[WhiteElo "2541"]
[BlackElo "2139"]
[PlyCount "75"]
[EventDate "2000.10.21"]

1. e4 e5 2. Bc4 Nc6 3. Nc3 Nf6 4. d3 Bc5 5. Bg5 h6 6. Bh4 d6 7. Na4 Qe7 8. Ne2
Be6 9. Bb5 Bd7 10. Nec3 g5 11. Nxc5 dxc5 12. Bg3 O-O-O 13. Bxc6 Bxc6 14. Qe2 c4
15. dxc4 Rd4 16. f3 Nh5 17. Nd5 Bxd5 18. cxd5 Nf4 19. Bxf4 gxf4 20. a3 Qc5 21.
c3 Rc4 22. O-O-O Rd8 23. Rd2 Rd6 24. Rc2 a5 25. g3 Qb5 26. gxf4 exf4 27. Rg1 c6
28. dxc6 Rdxc6 29. Qd2 Rg6 30. Rd1 Kb8 31. Qxf4+ Ka7 32. Qe3+ Ka6 33. Kb1 Qb3
34. e5 Rcc6 35. Rd8 b6 36. Rd7 Rc5 37. Qe2+ Rc4 38. Rxf7 1-0

[Event "XXII Festival A"]
[Site "Arco ITA"]
[Date "2000.10.21"]
[Round "1"]
[White "Tomescu, Vlad"]
[Black "Sturma, Mauro"]
[Result "1-0"]
[WhiteElo "2432"]
[BlackElo "1987"]
[PlyCount "81"]
[EventDate "2000.10.21"]

1. e4 d6 2. d4 Nf6 3. Nc3 g6 4. g3 Bg7 5. Bg2 O-O 6. Nge2 Nbd7 7. h3 c6 8. a4
e5 9. O-O Qe7 10. Re1 Rd8 11. d5 h6 12. Be3 g5 13. a5 c5 14. Qd2 Nf8 15. Reb1
Kh7 16. f3 Ng6 17. b4 cxb4 18. Rxb4 Nh5 19. Rab1 Rg8 20. Kh2 Bf6 21. Nb5 Ngf4
22. Nxa7 Rxa7 23. Bxa7 Nxg2 24. Kxg2 Qd7 25. g4 Nf4+ 26. Nxf4 gxf4 27. Bb6 h5
28. Qe2 Bd8 29. Rc4 Bxb6 30. axb6 Rg7 31. Rc7 Qd8 32. Qf2 Bd7 33. Rxb7 f5 34.
exf5 hxg4 35. hxg4 e4 36. Rh1+ Kg8 37. Qh4 exf3+ 38. Kxf3 Qe8 39. Rb8 Bc8 40.
Rxc8 Qxc8 41. Qh8+ 1-0

[Event "XXII Festival A"]
[Site "Arco ITA"]
[Date "2000.10.21"]
[Round "1"]
[White "Wagman, Stuart"]
[Black "Casagrande, Fabio"]
[Result "0-1"]
[WhiteElo "2190"]
[BlackElo "1911"]
[PlyCount "69"]
[EventDate "2000.10.21"]

1. e4 e6 2. d4 d5 3. Nc3 Nf6 4. e5 Nfd7 5. f4 c5 6. Nf3 Nc6 7. Be3 a6 8. Qd2
cxd4 9. Nxd4 Bc5 10. O-O-O Nxd4 11. Bxd4 b5 12. Bxc5 Nxc5 13. Bd3 Bd7 14. Kb1
Nxd3 15. cxd3 O-O 16. Qf2 f6 17. Qd4 fxe5 18. Qxe5 Qb6 19. g3 Rf5 20. Qe1 b4
21. Ne2 d4 22. g4 Ra5 23. Nc1 Re8 24. Qf2 Bc6 25. Rhe1 Bd5 26. Re5 Rc8 27. Nb3
Bxb3 28. axb3 Rxe5 29. fxe5 Qc5 30. Rf1 Rf8 31. Qxf8+ Qxf8 32. Rxf8+ Kxf8 33.
Kc1 g5 34. Kd2 Ke7 35. Ke2 0-1

[Event "XXII Festival A"]
[Site "Arco ITA"]
[Date "2000.10.22"]
[Round "2"]
[White "Ager, Josef"]
[Black "Djuric, Stefan"]
[Result "0-1"]
[WhiteElo "2195"]
[BlackElo "2461"]
[PlyCount "105"]
[EventDate "2000.10.21"]

1. d4 Nf6 2. c4 g6 3. Nc3 d5 4. cxd5 Nxd5 5. e4 Nb6 6. a4 a5 7. Be3 Bg7 8. h3
O-O 9. Nf3 c6 10. Be2 Na6 11. O-O Nb4 12. Na2 Nxa2 13. Rxa2 Be6 14. b3 h6 15.
Rd2 Rc8 16. Ne5 Kh7 17. Nc4 Nxc4 18. bxc4 c5 19. dxc5 Qc7 20. Qb3 Rfd8 21. Rfd1
Rxd2 22. Rxd2 Be5 23. Rd1 Bh2+ 24. Kh1 Bf4 25. Bd4 Bd7 26. g3 Bg5 27. Qf3 f5
28. Bd3 Bc6 29. Kh2 e5 30. Bc3 Rf8 31. Qe2 f4 32. Bc2 Be7 33. gxf4 Rxf4 34. Bd2
Rh4 35. Qf3 Kg7 36. Rg1 Bd7 37. Rg3 Qxc5 38. Be3 Qc8 39. Bb3 Be6 40. Bb6 Bg5
41. Be3 Bf4 42. Bxf4 exf4 43. Qc3+ Kh7 44. Rf3 Qc5 45. Qf6 Rxh3+ 46. Kg2 Rxf3
47. Kxf3 Qb6 48. Qe7+ Kg8 49. Ba2 Qc6 50. Kxf4 Bf7 51. Qd8+ Kh7 52. Qxa5 Qd6+
53. Ke3 0-1

[Event "XXII Festival A"]
[Site "Arco ITA"]
[Date "2000.10.22"]
[Round "2"]
[White "Astengo, Marcello"]
[Black "Di Lao, Riccardo"]
[Result "1-0"]
[WhiteElo "2060"]
[BlackElo "2138"]
[PlyCount "93"]
[EventDate "2000.10.21"]

1. d4 d5 2. Nf3 Nf6 3. c3 g6 4. Bg5 Ne4 5. Bf4 Bg7 6. Ne5 O-O 7. f3 Nd6 8. Nd2
f6 9. Nd3 Nc6 10. Qb3 Nf7 11. e4 e5 12. dxe5 fxe5 13. Be3 d4 14. Bf2 dxc3 15.
bxc3 a5 16. Nc5 a4 17. Qc4 Qf6 18. Rd1 Kh8 19. a3 Nd6 20. Qa2 b6 21. Qd5 Nf7
22. Nd7 Bxd7 23. Qxd7 Rac8 24. Bc4 Nb8 25. Qxa4 Nd6 26. O-O c5 27. Rb1 Bh6 28.
Rfd1 Nb7 29. Qa7 Bxd2 30. Rxd2 Na5 31. Bd5 Rfd8 32. Rxb6 Qg5 33. Rd1 Nc4 34.
Rb7 Qh6 35. Rdb1 Nd2 36. Re1 Nxf3+ 37. gxf3 Nc6 38. Qxc5 Qg5+ 39. Bg3 Nd4 40.
cxd4 Rxc5 41. dxc5 h5 42. c6 Rc8 43. Kg2 h4 44. Rd1 Qh5 45. Be6 Rf8 46. Bg4 Qg5
47. c7 1-0

[Event "XXII Festival A"]
[Site "Arco ITA"]
[Date "2000.10.22"]
[Round "2"]
[White "Bagaturov, Giorgi"]
[Black "Cocchi, Andrea"]
[Result "1-0"]
[WhiteElo "2502"]
[BlackElo "2254"]
[PlyCount "75"]
[EventDate "2000.10.21"]

1. d4 Nf6 2. c4 d6 3. Nf3 Bf5 4. g3 g6 5. Bg2 Nc6 6. d5 Nb8 7. Nc3 Bg7 8. Nd4
Bd7 9. O-O O-O 10. e4 c5 11. Nf3 Qc7 12. Qe2 a6 13. e5 dxe5 14. Nxe5 Bf5 15.
Bf4 Qb6 16. Na4 Qa5 17. b3 Nbd7 18. Rac1 Rfe8 19. Nd3 e5 20. Bd2 Qc7 21. h3 e4
22. Nf4 Ne5 23. Bc3 Nd3 24. Nxd3 exd3 25. Qb2 Re2 26. Qa1 Ne8 27. Bxg7 Nxg7 28.
Nc3 Re7 29. g4 Bd7 30. Rcd1 f5 31. d6 Qxd6 32. Nd5 Rf7 33. g5 Ne8 34. Rxd3 Qe6
35. Re1 Qd6 36. Nf6+ Rxf6 37. Rxd6 Rxd6 38. Bd5+ 1-0

[Event "XXII Festival A"]
[Site "Arco ITA"]
[Date "2000.10.22"]
[Round "2"]
[White "Bondielli, Giorgio"]
[Black "Mietzner, Tina"]
[Result "1-0"]
[WhiteElo "1813"]
[BlackElo "2134"]
[PlyCount "87"]
[EventDate "2000.10.21"]

1. e4 c5 2. d4 cxd4 3. c3 dxc3 4. Nxc3 Nc6 5. Bc4 a6 6. Nf3 e6 7. O-O Be7 8.
Qe2 d6 9. Rd1 Qc7 10. Bf4 Nf6 11. h3 O-O 12. Rac1 Bd7 13. e5 Ne8 14. Bd3 d5 15.
Ng5 Bxg5 16. Bxg5 h6 17. Bf4 f6 18. Qg4 f5 19. Qg3 Kh8 20. Nxd5 Qd8 21. Nc3 g5
22. Bd2 f4 23. Qf3 Nxe5 24. Qe4 Nxd3 25. Qxd3 Bb5 26. Qe4 Qe7 27. Nxb5 axb5 28.
Bb4 Nf6 29. Bxe7 Nxe4 30. Bxf8 Rxf8 31. Re1 Nd2 32. Rxe6 Ra8 33. Re7 Nc4 34.
Rxb7 Rxa2 35. Rxb5 Rxb2 36. Rxb2 Nxb2 37. Rc7 Nd3 38. Kf1 Kg8 39. Re7 Nb4 40.
Ke2 Nd5 41. Ra7 Nf6 42. Kd3 Nd5 43. Ke4 Nc3+ 44. Kf5 1-0

[Event "XXII Festival A"]
[Site "Arco ITA"]
[Date "2000.10.22"]
[Round "2"]
[White "Casagrande, Fabio"]
[Black "Inkiov, Ventzislav V."]
[Result "1/2-1/2"]
[WhiteElo "1911"]
[BlackElo "2419"]
[PlyCount "91"]
[EventDate "2000.10.21"]

1. e4 c5 2. c3 d5 3. exd5 Qxd5 4. d4 e6 5. Nf3 Nf6 6. Be3 cxd4 7. cxd4 Nc6 8.
Be2 Bb4+ 9. Bd2 Bxd2+ 10. Qxd2 O-O 11. Nc3 Qd6 12. O-O b6 13. Rfd1 Rd8 14. Nb5
Qe7 15. Rac1 Bb7 16. Nc3 Rac8 17. Qe3 Nb4 18. Bd3 Nfd5 19. Nxd5 Bxd5 20. a3
Nxd3 21. Rxc8 Rxc8 22. Qxd3 h6 23. h3 Qf6 24. Ne1 Qg5 25. Qe3 Qg6 26. Rc1 Rd8
27. f3 a5 28. Nd3 Qf5 29. Ne5 Qg5 30. Qxg5 hxg5 31. Rc7 f6 32. Nc4 Rb8 33. Kf2
a4 34. Nd6 b5 35. Ke3 Kh7 36. Rc5 b4 37. axb4 Rxb4 38. Rb5 Rxb5 39. Nxb5 Kg6
40. Nc3 Bb3 41. g4 Kf7 42. f4 gxf4+ 43. Kxf4 g5+ 44. Kg3 f5 45. gxf5 exf5 46.
h4 1/2-1/2